| 000 | 00661nam a22002537a 4500 | ||
|---|---|---|---|
| 005 | 20220106113447.0 | ||
| 008 | 170405b xxu||||| |||| 00| 0 eng d | ||
| 020 |
_a9788131606278 _cRs.295.00 |
||
| 040 | _aLoreto College | ||
| 041 | _aEnglish | ||
| 082 |
_a301.246 _bAHU |
||
| 100 | _aAhuja,Ram | ||
| 245 |
_aSocial problems in India _cRam Ahuja |
||
| 250 | _a3rd ed | ||
| 260 |
_aJaipur _bRawat Publications _c2014 |
||
| 300 |
_axvi,576p _b22cm |
||
| 504 | _aIncludes index | ||
| 650 | _aSociology | ||
| 650 | _aSociety in India | ||
| 650 | _aSocial problems-India | ||
| 651 | _aIndia-Social problems | ||
| 850 |
_aLCLIB _bSociology |
||
| 942 | _cBK | ||
| 999 |
_c41023 _d91502 |
||